Statistics for Correct Capital to Country #3

Click here to take the quiz!

General Stats

  • This quiz has been taken 24 times
  • The average score is 13 of 15

Answer Stats

QuestionAnswer% Correct
SwedenStockholm
100%
JapanTokyo
100%
BelgiumBrussels
95%
PeruLima
95%
PhilippinesManila
95%
SomaliaMogadishu
95%
United StatesWashington
95%
JordanAmman
91%
VenezuelaCaracas
91%
LebanonBeirut
86%
MalaysiaKuala Lumpur
86%
BulgariaSofia
86%
LibyaTripoli
73%
LesothoMaseru
50%
Antigua and BarbudaSaint John's
50%

Score Distribution

Percentile by Number Answered

Percent of People with Each Score

Your Score History

You have not taken this quiz